000
00331nam a2200145Ia 4500
100
_a
Tocci/R.J/ Laskowski/L.P
250
_a
3
942
_c
BK
654
_a
microprocessor
245
_a
Microprocessor and microcomputer
260
_b
prentice
_a
New Jersey
_c
1987
082
_a
621.3819
_b
TOC
300
_a
480
546
_a
ENGLISH
999
_c
23205
_d
23205